000 00425nam a2200145 a 4500
001 000026055
005 20200930024250.0
008 110228s20uu dr 000 0 spa d
040 _aDO-SdBNP
_bspa
_cBNPHU
110 2 _aRepública Dominicana
_bGabinete Social
_952996
245 1 0 _aMemoria 2000-2003 /.
260 _a[Santo Domingo ] :
_bEditora Phoenix,
_c[200?].
300 _a99 p. :
_bil., retrs. ;
_c30 cm.
049 _aBNPD
999 _c25547
_d25547